Alternatívy zodpovednosti podnikov v rámci konceptu trvalej udržateľnosti

Pozitívne príklady zodpovednosti podnikov z hľadiska udržateľnosti. Udržateľné podnikanie v spoločnosti Tesco. Eliminácia plytvania potravinami. Udržateľné podnikanie v spoločnosti Kaufland. Stratégia znižovania plastov. Udržateľné podnikanie v spoločnosti Lidl. Aktivity v oblasti životného prostred...

Descripción completa

Guardado en:
Detalles Bibliográficos
Autor principal: Kissová, Jana, 1979-
Formato: Capítulo de libro
Lenguaje:eslovaco
Materias:
Etiquetas: Agregar Etiqueta
Sin Etiquetas, Sea el primero en etiquetar este registro!

MARC

LEADER 00000naa$a2200000$$$4500
001 0260958
005 20240523122305.9
041 0 |a slo 
044 |a SK 
245 1 0 |a Alternatívy zodpovednosti podnikov v rámci konceptu trvalej udržateľnosti  |c Jana Kissová 
520 |a Pozitívne príklady zodpovednosti podnikov z hľadiska udržateľnosti. Udržateľné podnikanie v spoločnosti Tesco. Eliminácia plytvania potravinami. Udržateľné podnikanie v spoločnosti Kaufland. Stratégia znižovania plastov. Udržateľné podnikanie v spoločnosti Lidl. Aktivity v oblasti životného prostredia. Udržateľné podnikanie v spoločnosti Dell. 
610 2 0 |a rozvoj trvalo udržateľný 
610 2 0 |a ochrana prostredia životného 
610 2 0 |a podnikanie zodpovedné 
610 2 0 |a spoločnosti nadnárodné 
100 1 |a Kissová, Jana, 1979-